El Pentecostalismo en América Latina
Uloženo v:
| Hlavní autor: | |
|---|---|
| Korporativní autor: | |
| Médium: | Kniha |
| Jazyk: | španělština |
| Vydáno: |
Bogotá
Tiberíades
1997
|
| Vydání: | 2a. ed |
| Edice: | Colección Tercer Milenio, 14
|
| Témata: | |
| Tagy: |
Přidat tag
Žádné tagy, Buďte první, kdo vytvoří štítek k tomuto záznamu!
|
MARC
| LEADER | 00000nam a2200000 a 4500 | ||
|---|---|---|---|
| 001 | UCJ2783 | ||
| 003 | CL-VaPUC | ||
| 008 | 070112e19971100CK |||||||||||||||||spa|d | ||
| 020 | |a 9586253856 | ||
| 082 | 0 | 4 | |a 270.82 |b MOS |2 21 |
| 100 | |a Mosher, Robert E. |e autor |9 503752 | ||
| 110 | 2 | |a CELAM |e author |9 503753 | |
| 245 | 1 | 3 | |a El Pentecostalismo en América Latina |
| 250 | |a 2a. ed | ||
| 300 | |a 74 p | ||
| 942 | |c BK | ||
| 945 | |d 20070112 00:00:00 |a lvergara | ||
| 260 | |a Bogotá |b Tiberíades |c 1997 | ||
| 650 | 7 | |a PENTECOSTALISMO |2 CL-VaPUC |9 488727 | |
| 650 | 0 | |a Ecumenismo |9 255639 | |
| 650 | 0 | |a Cristianismo |9 257361 | |
| 583 | |a last modification |c 20070112 00:00:00 |k Rodrigo Vera | ||
| 490 | 0 | |a Colección Tercer Milenio, 14 | |
| 999 | |c 318913 |d 318911 | ||
| 952 | |0 0 |1 0 |4 0 |6 270_820000000000000_MOS_1997 |7 0 |8 A |9 397111 |a BIBTEO |b BIBTEO |d 2019-11-22 |i 4245873 |o 270.82 MOS 1997 |p 4245873 |r 2025-01-17 |w 2019-11-22 |y BK |k ICR | ||